Statistics for NBA Team Corporate Sponsors

Click here to take the quiz!

General Stats

  • This quiz has been taken 10 times
  • The average score is 11 of 30

Answer Stats

SponsorAnswer% Correct
RakutenGolden State Warriors
71%
WishLos Angeles Lakers
71%
DisneyOrlando Magic
71%
GoodyearCleveland Caveliers
57%
ROKitHouston Rockets
57%
FedExMemphis Grizzlies
57%
Harley-DavidsonMilwaukee Bucks
57%
General ElectricBoston Celtics
43%
Lending TreeCharlotte Hornets
43%
FitbitMinnesota Timberwolves
43%
StubHubPhiladelphia 76ers
43%
PayPalPhoenix Suns
43%
ShareCareAtlanta Hawks
29%
InforBrooklyn Nets
29%
Zenni OpticalChicago Bulls
29%
5milesDallas Mavericks
29%
Western UnionDenver Nuggets
29%
MotorolaIndiana Pacers
29%
BumbleLos Angeles Clippers
29%
Ultimate SoftwareMiami Heat
29%
Zatarain'sNew Orleans Pelicans
29%
SquarespaceNew York Knicks
29%
Love'sOklahoma City Thunder
29%
Frost BankSan Antonio Spurs
29%
Flagstar BankDetroit Pistons
14%
BiofreezePortland Trail Blazers
14%
Blue Diamond AlmondsSacramento Kings
14%
5 for the FightUtah Jazz
14%
GEICOWashington Wizards
14%
Sun Life FinancialToronto Raptors
0%

Score Distribution

Percentile by Number Answered

Percent of People with Each Score

Your Score History

You have not taken this quiz